History Quiz

Random History or Biography Quiz
Score 0/20 Timer 06:00
7 Plays Today
Biography Channel Profile 'T' Person % Correct
He is the 45th president of the United States, a Real estate mogul, and a billionaire. He was also host of the NBC reality series 'The Apprentice.'Donald Trump
93.2%
She was the first woman to head the conservative party and the first to become prime minister of the UK with a tenure lasting from 1979-1990.Margaret Thatcher
93%
International fame came with two successive box-office hits, Saturday Night Fever (1977) and Grease (1978). He earned an Oscar nod for his role in the former, and became an icon.John Travolta
92%
She is an R&B singer who started her career in the 1960s, performing with her husband Ike. After divorce, she had great success as a solo performer.Tina Turner
89.5%
He gained wild popularity from his inventive fantasy novels, including 'The Hobbit' and 'The Lord of the Rings.'J.R.R. Tolkien
88.5%
He got his start on The Mickey Mouse Club and made it big with the boy band 'N Sync before becoming a solo singer and budding actor. Justin Timberlake
88.2%
Known for her ringlet curls, she was a child film star in the 1930s. She received a special Academy Award at the age of seven.Shirley Temple
87.8%
He jolted onto the Hollywood scene with his screenplay for 'True Romance,' before directing 'Reservoir Dogs' and 'Pulp Fiction.'Quentin Tarantino
87.5%
He is best known as the author of 'War and Peace' and 'Anna Karenina,' which are commonly regarded as among the finest novels ever written.Leo Tolstoy
85.8%
He has served as the host of 'Jeopardy!,' one of the most popular game shows in television history, for which he has won several Daytime Emmy Awards.Alex Trebek
79.9%
Biography Channel Profile 'T' Person % Correct
She escaped slavery to become a leading abolitionist. She led hundreds of enslaved people to freedom along the route of the Underground Railroad.Harriet Tubman
75.9%
She is a South African actress, film producer, and former model, well-known for portraying the serial killer Aileen Wuornos in the film 'Monster.'Charlize Theron
74.4%
She was murdered while eight months pregnant with Polanski's child by a group run by Charles Manson.Sharon Tate
68.6%
He was the founder of the hamburger chain Wendy's and was their TV spokesman starting in 1989.Dave Thomas
67.7%
An American essayist, poet, and practical philosopher, he was a New England Transcendentalist and author of the book 'Walden.'Henry David Thoreau
67.4%
He is a South African Anglican cleric who is known for his role in the opposition to apartheid in South Africa.Desmond Tutu
65.7%
She is a Chinese-American novelist who wrote the New York Times-bestselling novel 'The Joy Luck Club.'Amy Tan
65.1%
He is best known as the guitarist and songwriter for the band The Who as it grew to be one of the most influential bands of the 60s and 70s.Pete Townshend
56.3%
He created gonzo journalism, a highly personal style of reporting that made him a counterculture icon.Hunter S. Thompson
44.9%
He was a French comedic actor and film director who is well-remembered for his signature character Monsieur Hulot, a gentle, pipe-smoking man.Jacques Tati
16.1%
Remove Ads.
Support Sporcle.
Get the best of Sporcle when you Go Orange. This ad-free experience offers more features, more stats, and more fun while also helping to support Sporcle. Thank you for becoming a member.

You're not logged in!

Compare scores with friends on all Sporcle quizzes.
OR
Log In

Show Comments

Extras

Top Quizzes Today


Score Distribution

Your Account Isn't Verified!

In order to create a playlist on Sporcle, you need to verify the email address you used during registration. Go to your Sporcle Settings to finish the process.

Report this User

Report this user for behavior that violates our Community Guidelines.

Details: